000 00807nam a2200253 i 4500
001 24339
003 ES-MaACL
005 20230906153030.0
007 t|
008 021217s1970 sp ||||1| spa d
080 _a261.8:316.654
080 _a316.473-053.81(460)
245 0 0 _aAnálisis ecuménico de la juventud española /
_cJ. Marco ... [et al.].
250 _a1ª ed.
260 _aBarcelona :
_bNova Terra,
_c1970.
300 _a244 p. :
_bil., 1 mapa ;
_c22 cm.
490 1 _aSociología y pastoral. Estudios monográficos ;
_v10
650 4 _aEcumenismo.
_912045
650 4 _aJóvenes-
_zEspaña-
_xActitudes.
_9153350
700 1 _aMarco, J.
_976463
830 1 _aSociología y pastoral. Estudios monográficos ;
_v10
_9229086
852 4 _aES-MaACL
_jC-38772
999 _c24339
_d24339